00982nam a2200265 a 450000100060000000300080000600500170001400800410003103500200007204000370009204100080012908200240013710000530016124500680021425000120028226000420029430000340033650400400037065000360041065000420044670000510048894200120053999900170055195201480056859950BD-RjUL20211209080804.0121628s1959 cauad 001 0 eng  a(BD-RjUL) 60074 aDLCcDLCdUKMdEQOdBD-RjULbeng aeng a551.7223bKRS 19591 aKrumbein, William Christian,d1902-1979.917833010aStratigraphy and sedimentation /cW.C. Krumbein and L.L. Sloss. a2nd ed. aSan Francisco :bW. H. Freeman,c1959 axvi, 660 p. :bill. ;c25 cm. aBibliography: p. 591-620 and index. 0aGeology, Stratigraphic.9178331 0aSedimentation and deposition.91783321 aSloss, L. L.q(Laurence Louis),d1913-9178333 2ddccBK c59950d59950 00102ddc40718NFICaRUCLbRUCLcReadingd1979-05-31eW. Heffers and Sonsg11.80l0o551.7 KRS 1959r2016-12-28 00:00:00tC-1w2016-12-28yBK